000
00300nam a2200133Ia 4500
008
191201s2010 xx 000 0 und d
100
_a
GEIGER, Randall L.
245
0
_a
VLSI Design Technology
250
_a
2nd
260
_c
2010
_b
TMH
_a
N. Delhi
300
_a
969
650
_a
MCA
942
_2
ddc
_c
BB
999
_c
7407
_d
7407